Loading...
White castle
| Main Author: | |
|---|---|
| Other Authors: | |
| Format: | Printed Book |
| Language: | Undetermined |
| Published: |
London
Faber and faber
2001
|
| LEADER | 00525nam a2200169Ia 4500 | ||
|---|---|---|---|
| 008 | 140316s9999 xx 000 0 und d | ||
| 020 | |a 0571164668 | ||
| 082 | |a 823 |b PAM/WH | ||
| 100 | |a Orhan ,Pamuk | ||
| 245 | |a White castle | ||
| 260 | |a London |b Faber and faber |c 2001 | ||
| 300 | |a 145 | ||
| 650 | |||
| 700 | |a Holbrook ,Victoria | ||
| 942 | |2 ddc |c BK | ||
| 999 | |c 7301 |d 7301 | ||
| 952 | |0 0 |1 0 |2 ddc |4 0 |6 823_000000000000000_PAMWH |7 0 |9 8452 |a KAUCLV |b KAUCLV |c GENERAL |d 2014-03-18 |l 23 |o 823 PAM/WH |p 215256 |r 2018-07-10 |s 2018-07-10 |w 2014-03-18 |y BK | ||